000 01037cad a22002055a 4500
001 L156487
008 120529s2012 xxk 000 0 eng d
035 _a(Sirsi) u156487
041 0 _aeng
110 2 _aEC Harris
_94930
245 0 0 _aGlobal construction disputes
_bMay 2012
_h[electronic resource]
260 _a[S.l.]
_bEC Harris
_c2012
520 _aDisputes in the construction industry tended to last longer but were of lower value in 2011 according to this year's 'Global Construction Disputes' report from EC Harris. However the report found that disputes in the Middle East were bucking the overall downward trend, with the average value of disputes increasing to US$112m from US$56.25m in 2010.
590 _aKA NTK
651 4 _aInternational
690 _aDispute resolution
_96236
690 _aConstruction management
_96230
856 4 0 _uhttps://www.echarris.com/reference/news/global%20construction%20disputes.aspx
_zView the summary free of charge and request a copy of the report at www.echarris.com
942 _n0
999 _c114273
_d114273